| 000 | 00516nam a22001817a 4500 | ||
|---|---|---|---|
| 005 | 20170126104110.0 | ||
| 008 | 170126b xxu||||| |||| 00| 0 eng d | ||
| 020 | _a9780323071550 | ||
| 040 | _cPK-LaUMT | ||
| 082 |
_a616.0756 _bMEI-P |
||
| 100 | _aMeisenberg, Gerhard | ||
| 245 |
_aPrinciples of medical biochemistry / _cGerjard Meisenberg and William H. Simmons |
||
| 250 | _a3rd ed. | ||
| 260 |
_aPhiladelphia : _bElsevier Saunders, _c2012 |
||
| 300 | _a588 p. | ||
| 650 | _aMedical biochemistry | ||
| 942 | _cBK | ||
| 999 |
_c90507 _d90507 |
||